000 01375cam a22003737a 4500
003 CHAP
005 20220329143013.0
008 050622d2004 mx r 00110 spa d
010 _a90520
011 _a91492
020 _a9706863893
035 _a102051
040 _cCHAP
090 _aFolleto 16849 (2004)
110 2 _aFederación Nacional de Colegios de Licenciados en Administración
_939934
245 1 0 _aCódigo de ética del Licendiado en Administración
_c/por Federación Nacional de Colegios de Licenciados en Administración
250 _a8ed.
260 _aMéxico, D.F. :
_bThomson,
_c2004.
300 _a47 p.
590 _aBATCH-UPD
_b10
_c20130110
_lUCH01
_h0550
590 _aBATCH-UPD
_b10
_c20130410
_lUCH01
_h0232
590 _aBATCH-UPD
_b10
_c20130913
_lUCH01
_h1935
590 _aCONVERSION
_b10
_c20130109
_lUCH01
_h1350
650 1 4 _aAdministración de empresas.
_9922
650 1 4 _aAdministración.
_9918
650 1 4 _aÉtica profesional.
_982781
710 0 _aColegio Nacional de Licenciados en Administración, A.C. México.
_925106
901 _aBK
905 _aAlejandra Carrasco M.
942 _cFOLL
949 _aFolleto 16849 (2004)
_bBC
_cFOLL
_d1020511
_eTS1
_i102051
_sb
_t$ 40.00
949 _aFolleto 16849 (2004)
_bBC
_cFOLL
_d1020512
_eTS2
_fc.2
_i102051
_sb
949 _aFolleto 16849 (2004)
_bBC
_cFOLL
_d1020513
_eTS2
_fc.3
_i102051
_sb
999 _c90520
_d90520